Countries by Presidential or Royal Standards - Statistics

General Stats
  • This quiz has been taken 32 times
  • The average score is 74 of 101
Answer Stats
Picture Answer % Correct
Greece
96%
Israel
96%
Romania
96%
Russia
96%
Albania
93%
Belarus
93%
Croatia
93%
Cyprus
93%
Germany
93%
Portugal
93%
Colombia
89%
Denmark
89%
Kazakhstan
89%
Montenegro
89%
Panama
89%
Slovakia
89%
Slovenia
89%
Ukraine
89%
USA
89%
Argentina
85%
Belgium
85%
Chile
85%
Egypt
85%
Estonia
85%
Finland
85%
Iceland
85%
Ireland
85%
Malta
85%
Mexico
85%
Sweden
85%
Taiwan
85%
Turkey
85%
Azerbaijan
81%
Bahrain
81%
Ghana
81%
Guatemala
81%
Italy
81%
Madagascar
81%
Nigeria
81%
Pakistan
81%
Thailand
81%
Tunisia
81%
Brazil
78%
Canada
78%
Czech Republic
78%
Guyana
78%
Hungary
78%
Malawi
78%
Saudi Arabia
78%
Serbia
78%
Seychelles
78%
Spain
78%
Eswatini
74%
Jordan
74%
Liberia
74%
Maldives
74%
Morocco
74%
Namibia
74%
Singapore
74%
United Kingdom
74%
Armenia
70%
Japan
70%
Kenya
70%
Mauritius
70%
North Korea
70%
Poland
70%
United Arab Emirates
70%
Venezuela
70%
Yemen
70%
Zimbabwe
70%
Cambodia
67%
Liechtenstein
67%
Luxembourg
67%
Netherlands
67%
New Zealand
67%
Sudan
67%
Uganda
67%
Zambia
67%
Australia
63%
Norway
63%
Oman
63%
Peru
63%
Tanzania
63%
Botswana
59%
Lesotho
59%
Cuba
56%
Kosovo
56%
Lithuania
56%
Bangladesh
52%
Latvia
52%
Philippines
52%
Brunei
48%
Gabon
48%
Jamaica
48%
Tonga
48%
Georgia
44%
Malaysia
44%
South Korea
41%
Sierra Leone
37%
Barbados
33%
Trinidad and Tobago
30%
No matching quizzes found
Score Distribution
Percent of People with Each Score
Percentile by Number Answered
Your Score History
You have not taken this quiz